000 01274 a2200241 4500
999 _c11400
_d11400
020 _a9781531013912
050 0 0 _aKZ1242
_bEPP 2019
100 1 _aEpps, Valerie,
_d1943-
_eauthor.
245 1 0 _aInternational law /
_cby Valerie Epps, John Cerone, and Brad R. Roth
250 _aSixth edition.
264 1 _aDurham, North Carolina :
_bCarolina Academic Press, LLC,
_c[2019]
300 _axxxi, 649 pages ;
336 _atext
_btxt
_2rdacontent
337 _aunmediated
_bn
_2rdamedia
338 _avolume
_bnc
_2rdacarrier
504 _aIncludes bibliographical references and index.
505 0 _aSources of international law -- Title to territory -- The law of treaties -- Jurisdiction -- The law of the sea -- International environmental law -- International legal personality: states, international organizations, non-state groups, individuals, and multi-national corporations -- Human rights -- The peaceful settlement of disputes: arbitration and international courts -- The use of force including war.
650 0 _aInternational law.
700 1 _aCerone, John.,
_eauthor.
700 1 _aRoth, Brad R.,
_eauthor.
942 _2lcc
_cBK
_esixth
_h1242
_iEPP
_kKZ